000 00495nam a22001937a 4500
003 OSt
005 20140310182346.0
008 130927t xxu||||| |||| 00| 0 eng d
020 _a8178268108
050 _aNC 400
_b.Ar784 2005
082 _aNC 400
_b.AR784 2005
245 _aArt master :
_bget animated
_c.
260 _aIndia :
_bRBC International,
_cc2005
300 _a31 p. :
_bill.,
_c34 cm.
541 _j1
562 _e1
650 _aArt
_915843
942 _2lcc
_cBK-GS
_kNC
999 _c12225
_d12225